01178nam a2200217 i 4500001000700000003000900007005001700016008004100033100004700074245032800121260007300449300004500522530003500567630004000602700003200642700004300674700002200717710002700739852010500766856008900871167583ES-MaACL20250813044446.0931025s1794 sp |||| |dspa d1 aVillanueva, Joaquín Lorenzo, d1757-183710aCartas eclesiásticas de D. Joaquín Lorenzo Villanueva al doctor D. Guillermo Díaz Luzeredi : ben defensa de las leyes que autorizan ahora al pueblo para que lea en su lengua la Sagrada Escritura / cva al principio una carta del Rmo. P. Felipe Scio de S. Miguel, maestro del Príncipe... à este mismo propòsito. aMadrid : ben la Imprenta Real, regente D. Lázaro Gayguer, c1794. a[2], XLVIII, 243 p., [1] en bl. ; c8º. aDisponible en formato digital.07aBiblia-xTraducciones al español.1 aDíaz Luzeredi, Guillermo.1 aScio de San Miguel, Felipe,d1738-17961 aGayguer, Lázaro2 aImprenta Real (Madrid)4 aES-MaACLjR-340 dOlim: D-1176xEncuadernación pasta española zCambio de signatura a R-3404 uhttp://bdh-rd.bne.es/viewer.vm?id=0000110963&page=1 zBiblioteca Digital Hispánica